000 00264nam a2200097 a 4500
005 20200930065733.0
008 110719s2004 000 spa d
245 0 _aLegal guide to tourism development in the Dominican Republic.
260 _c[s.f.].
999 _c32104
_d32104
040 _aDO-SdBNP